Liedtext - Wo kann man das kaufen - Alligatoah - Statistiken

Allgemein
  • Dieses Quiz wurde 39 mal gespielt
  • Das Durchschnittsergebnis liegt bei 281 aus 413
Antwortstatistiken
Antwort % Korrekt
der
100%
ein
100%
kaufen?
100%
'n
100%
Zu
100%
zu
100%
da
96%
Da
96%
Das
96%
das
96%
dein
96%
ich
96%
Ich
96%
in
96%
kann
96%
man
96%
'n
96%
'ne
96%
Wo
96%
wo
96%
Augen
92%
deine
92%
deinen
92%
Eine
92%
eine
92%
Glanz
92%
mir
92%
mir,
92%
Vertrauen,
92%
An
88%
an
88%
Hand
88%
nur
88%
voll
88%
Auf
83%
auf
83%
aus,
83%
den
83%
Den
83%
dich
83%
du
83%
Du
83%
Sag
83%
Seh
83%
seh'
83%
für
79%
ist
79%
so
79%
vom
79%
ziehst
79%
kein
75%
mit
75%
noch
75%
Werbefläche
75%
Aber
71%
bis
71%
die
71%
find
71%
Hab'n
71%
Link
71%
sind
71%
und
71%
wir
71%
Zwei
71%
bedeckt
67%
deiner
67%
Drittel
67%
Erde
67%
gern
67%
Kleidung
67%
Meer
67%
'nen
67%
Werbetext
67%
zur
67%
aufeinander
63%
bauen
63%
Beschreibung
63%
Erscheinung
63%
genial
63%
hätte
63%
mich
63%
nicht,
63%
nicht
63%
Perlenkette
63%
weiß
63%
gerne
58%
Grinsen
58%
Sich
58%
ungenutzte
58%
von
58%
Ding,
54%
gebrauchen,
50%
im
50%
Verstand
50%
dann
46%
denn
46%
viel
46%
wen
46%
zusammen
46%
anstatt
42%
dieser
42%
Frag
42%
Kampagnen
42%
lauschen
42%
Liebe
42%
raufen
42%
sie
42%
Wenn
42%
Werd
42%
Will
42%
auch
38%
brauch
38%
Träume
38%
unser
38%
unter
38%
Werbeunterbrechungen
38%
werden
38%
blinde
33%
Gruppenziel
33%
investiere
33%
Lege
33%
Litfasssäule
33%
meine
33%
Mündigkeit
33%
oder
33%
Schluss
33%
Sonnenbrill'n
33%
Angebot
29%
anstrengenden
29%
Comicfilm
29%
Decke,
29%
Etikett
29%
fehlt
29%
frei,
29%
Innenseiten
29%
sehen
29%
unserer
29%
Wünsche
29%
Zeit
29%
Bärenhänden
25%
Bin
25%
erziele
25%
gehört
25%
Gewinn
25%
KaDeWe
25%
Klamotten
25%
Michelangelo
25%
Ob
25%
Organe
25%
Puppenspiel
25%
vor
25%
Warenkorb
25%
Weil
25%
Werbung
25%
wunderschöne
25%
Zielgruppe
25%
Badeort
21%
Charité
21%
Einziges
21%
geben
21%
Gepäckstück
21%
Hoffe,
21%
"Natur"
21%
Produktplatzierungen
21%
Rätselheft
21%
Reise
21%
Schalte
21%
yeah
21%
darauf
17%
Gucci
17%
Kaufberatung
17%
Konferenzen
17%
Leute
17%
Malerei
17%
Move
17%
musst
17%
normaler
17%
ohne
17%
Sportler
17%
Tagebuch
17%
aufm
13%
Gehweg
13%
getrimmt,
13%
Hasenfuß
13%
häute
13%
Koffer
13%
könnten
13%
länger
13%
lesen
13%
Markenschuh
13%
näh'n
13%
Uh,
13%
Adblocker
8%
Körper
8%
Labels,
8%
Münzenscheid
8%
rempelten
8%
Sticker,
8%
voller
8%
Wickel
8%
Alright
4%
Modell
4%
Keine übereinstimmenden Quizze gefunden
Verteilung der Resultate
Anzahl Personen mit jedem Resultat
Perzentil nach korrekt beantworteten Fragen
Ihre Resultats-Entwicklung
Sie haben dieses Quiz noch nicht gespielt